[Event "AUTO-OPEN-894"]
[Site "http://www.queenalice.com/game.php?id=300398"]
[Date "2007.11.8"]
[Round "1"]
[White "iamsuperman"]
[Black "euanmac"]
[Result "0-1"]
[WhiteElo "1100"]
[BlackElo "1635"]

1. d4 d5 2. c3 c6 3. Bf4 Nd7 4. g3 e6 5. Bh3 h6 6. Nf3 g5 7. Be3 f5 8. Bg2 Ngf6
9. Ne5 Nxe5 10. dxe5 Nd7 11. b3 Nxe5 12. Bd4 Bg7 13. f4 gxf4 14. gxf4 Qh4+ 15.
Kd2 Qxf4+ 16. Be3 Qg4 17. Rg1 f4 18. Bd4 Rg8 0-1

[Event "AUTO-OPEN-894"]
[Site "http://www.queenalice.com/game.php?id=300401"]
[Date "2007.11.8"]
[Round "1"]
[White "euanmac"]
[Black "deco1232007"]
[Result "0-1"]
[WhiteElo "1621"]
[BlackElo "1568"]

1. d4 Nf6 2. e3 c5 3. c4 b5 4. cxb5 a6 5. Qb3 Qb6 6. dxc5 Qxc5 7. Nc3 d6 8. bxa6
Nxa6 9. Bxa6 Bxa6 10. e4 g6 11. Be3 Qc8 12. Nd5 Nxd5 13. exd5 Bg7 14. Rb1 O-O
15. Nf3 Qg4 16. Rg1 Rfb8 17. h3 Qc4 18. Qxc4 Bxc4 19. b3 Bxd5 20. Bd4 Rxa2 21.
Bxg7 Kxg7 22. Nd4 e5 23. Ne2 Rxb3 24. Rxb3 Bxb3 25. f3 Ra1+ 26. Kf2 Rxg1 27.
Nxg1 Bc4 28. Kg3 f5 29. f4 e4 30. Kf2 Kf6 31. Ke3 Ke6 32. g4 d5 33. gxf5+ Kxf5
34. h4 Kg4 35. Ne2 Bxe2 36. Kxe2 Kxf4 37. Kf2 d4 38. Ke2 Kg4 39. Kd2 Kxh4 40.
Kc2 Kg3 41. Kb3 Kf3 42. Kc4 d3 0-1

[Event "AUTO-OPEN-894"]
[Site "http://www.queenalice.com/game.php?id=300402"]
[Date "2007.11.8"]
[Round "1"]
[White "deco1232007"]
[Black "euanmac"]
[Result "1-0"]
[WhiteElo "1521"]
[BlackElo "1618"]

1. d4 d5 2. c4 e6 3. Nc3 dxc4 4. e4 Bb4 5. Bxc4 Bxc3+ 6. bxc3 c6 7. Nf3 b5 8.
Bd3 Nf6 9. Bg5 Qa5 10. Qd2 Nbd7 11. O-O Bb7 12. Rfc1 a6 13. Qe3 Ng4 14. Qf4 h5
15. Qd6 Ngf6 16. e5 Nd5 17. Be4 Qc7 18. Qa3 f6 19. exf6 gxf6 20. Bg6+ Kd8 21.
Bh4 Rh6 22. Bg3 e5 23. Bf5 a5 24. Re1 b4 25. cxb4 axb4 26. Qc1 Rh8 27. dxe5 fxe5
28. Nxe5 Re8 29. Nf7+ Kc8 30. Rxe8+ 1-0

[Event "Let's Play Chess!"]
[Site "http://www.queenalice.com/game.php?id=308540"]
[Date "2007.11.22"]
[Round "-"]
[White "euanmac"]
[Black "Tiagoviegas"]
[Result "1-0"]
[WhiteElo "1675"]
[BlackElo "1655"]

1. e4 e5 2. Nf3 Nc6 3. c3 Bc5 4. Bb5 Nge7 5. Bxc6 Nxc6 6. b4 Bb6 7. b5 Na5 8.
Nxe5 Qe7 9. d4 f6 10. Nd3 Qxe4+ 11. Qe2 d5 12. Qxe4+ dxe4 13. Nf4 g5 14. Nd5 Be6
15. Nxf6+ Kf7 16. Nxe4 Rae8 17. Nxg5+ Kg6 18. O-O Bc4 19. Rd1 Be2 20. Re1 Bd3
21. Rxe8 Rxe8 22. Nf3 c5 23. Ne5+ Kg7 24. Nxd3 cxd4 25. Bd2 Nc4 26. cxd4 Bxd4
27. Bc3 Bxc3 28. Nxc3 Rd8 29. Rd1 Nd6 30. a4 Nf5 31. g4 Nh4 32. Nb2 Rf8 33. Rd7+
Kf6 34. Rxh7 Nf3+ 35. Kg2 Ng5 36. Rxb7 Ne6 37. Rxa7 Rg8 38. h3 Nf4+ 39. Kg3 Ne6
40. f4 Rd8 41. Ne4+ Kg6 42. f5+ Kh6 43. fxe6 Rd4 44. Kf4 Rb4 45. e7 Rxe4+ 46.
Kxe4 Kg5 47. e8=Q Kh4 48. Kf3 Kg5 49. h4+ Kh6 50. Qh5# 1-0

[Event "Challenge"]
[Site "http://www.queenalice.com/game.php?id=312640"]
[Date "2007.11.29"]
[Round "-"]
[White "euanmac"]
[Black "smcneil"]
[Result "0-1"]
[WhiteElo "1635"]
[BlackElo "1751"]

1. e4 e5 2. Nf3 Nc6 3. Bb5 a6 4. Bxc6 bxc6 5. Nxe5 Nf6 6. d3 Bb7 7. Bg5 d6 8.
Bxf6 Qxf6 9. Nc4 d5 10. Na5 Bc5 11. Qf3 Bb4+ 12. c3 Bxa5 13. Qxf6 gxf6 14. b4
Bb6 15. d4 dxe4 16. Nd2 f5 17. Nb3 a5 18. a3 O-O-O 19. bxa5 Ba7 20. Ke2 c5 21.
Rhd1 Ba6+ 22. Ke3 Bc4 23. Nxc5 Rd5 24. f3 h5 25. h4 Rg8 26. fxe4 fxe4 27. Kxe4
Rxg2 28. Re1 c6 29. Rab1 Rg4+ 30. Kf3 Bxc5 31. dxc5 Rd3+ 32. Re3 Bd5+ 33. Ke2
Rxe3+ 34. Kxe3 Rxh4 35. a6 Ra4 36. Rb6 h4 37. Rb4 Rxa6 38. Rxh4 Rxa3 39. Kd3 Kd7
40. Rh3 Ra4 41. Re3 Rc4 42. Re5 Rxc5 43. Rxd5+ Rxd5+ 44. Kc4 f5 0-1

[Event "Challenge"]
[Site "http://www.queenalice.com/game.php?id=314447"]
[Date "2007.12.3"]
[Round "-"]
[White "NickThorp"]
[Black "euanmac"]
[Result "1-0"]
[WhiteElo "1943"]
[BlackElo "1710"]

1. e4 e5 2. Nf3 d6 3. Bc4 Be6 4. Bxe6 fxe6 5. O-O Nd7 6. d3 h6 7. Nc3 g5 8. d4
g4 9. Nd2 exd4 10. Nb5 e5 11. Qxg4 c6 12. Qg6+ Ke7 13. Nxd6 Ndf6 14. Nf7 Qe8 15.
Nxe5 Ke6 16. f4 Ne7 17. Qxe8 Rxe8 18. Ndc4 Nxe4 19. Re1 Nf6 20. Ng6+ Kd5 21.
Nxh8 Kxc4 22. Nf7 Kd5 23. Re5+ Kc4 24. Nd6+ Kb4 25. Bd2+ Ka4 26. Ra5# 1-0

[Event "Challenge"]
[Site "http://www.queenalice.com/game.php?id=314449"]
[Date "2007.12.3"]
[Round "-"]
[White "euanmac"]
[Black "NickThorp"]
[Result "0-1"]
[WhiteElo "1691"]
[BlackElo "1937"]

1. e4 e5 2. c3 Nf6 3. d3 Bc5 4. Bg5 O-O 5. Bxf6 Qxf6 6. Nh3 d6 7. b4 Bb6 8. g4
a5 9. b5 c6 10. Na3 Bc5 11. Nc2 cxb5 12. d4 exd4 13. cxd4 Bb4+ 14. Nxb4 axb4 15.
Bxb5 Ra5 16. Bf1 Nc6 17. d5 Nd4 18. f3 Nxf3+ 19. Ke2 Bxg4 20. Bg2 Nd4+ 21. Ke3
Bxd1 22. Raxd1 Ra3+ 0-1

[Event "Challenge"]
[Site "http://www.queenalice.com/game.php?id=315218"]
[Date "2007.12.5"]
[Round "-"]
[White "euanmac"]
[Black "bish"]
[Result "0-1"]
[WhiteElo "1600"]
[BlackElo "1599"]

1. e4 e5 2. Nf3 f5 3. d3 fxe4 4. dxe4 Nc6 5. Bb5 Bb4+ 6. c3 Bd6 7. Bxc6 dxc6 8.
b4 Nf6 9. Nbd2 b6 10. Nc4 Bg4 11. Bg5 Qd7 12. Bxf6 gxf6 13. h3 Be6 14. Ne3 O-O-O
15. Qa4 Kb7 16. a3 f5 17. exf5 Bxf5 18. Nh4 Bd3 19. O-O-O e4 20. Nhf5 Bf4 21. g4
Qe6 22. Kb2 Qe5 23. Qb3 b5 24. Ra1 Be2 25. Nd4 Bf3 26. Nxf3 exf3 27. Rhe1 Rd2+
28. Nc2 Re2 29. a4 Bd2 30. Rf1 Rd8 31. axb5 cxb5 32. Qa3 a5 33. bxa5 Rd3 34. a6+
Ka7 35. Qb4 Bxc3+ 0-1

[Event "Challenge"]
[Site "http://www.queenalice.com/game.php?id=316221"]
[Date "2007.12.6"]
[Round "-"]
[White "stonkin"]
[Black "euanmac"]
[Result "1-0"]
[WhiteElo "1566"]
[BlackElo "1653"]

1. e4 e5 2. Nf3 d6 3. Bc4 Bg4 4. Nc3 Bxf3 5. Qxf3 Qf6 6. Nd5 Qxf3 7. gxf3 Kd7 8.
f4 c6 9. Nc3 Nh6 10. d3 f5 11. fxe5 dxe5 12. f4 Bd6 13. fxe5 Bxe5 14. Bxh6 Bxc3+
15. bxc3 gxh6 16. exf5 b5 17. Bb3 Ke7 18. Rg1 Kf6 19. O-O-O Nd7 20. d4 c5 21.
Bd5 Rac8 22. Be6 Rhd8 23. dxc5 Rxc5 24. Bxd7 Rxc3 25. Bxb5 Rxd1+ 26. Kxd1 Kxf5
27. Bd3+ Kf6 28. Kd2 Rc7 29. c4 h5 30. Rf1+ Kg5 31. Kc3 h6 32. Rg1+ Kh4 33. Bf5
Rf7 34. Be6 Rf2 35. c5 Rxa2 36. c6 Ra6 37. Bd5 Kh3 38. c7 1-0

[Event "Challenge"]
[Site "http://www.queenalice.com/game.php?id=316222"]
[Date "2007.12.6"]
[Round "-"]
[White "euanmac"]
[Black "stonkin"]
[Result "0-1"]
[WhiteElo "1696"]
[BlackElo "1540"]

1. e4 e5 2. Nf3 d6 3. d4 exd4 4. Nxd4 Nf6 5. Bg5 Bg4 6. f3 Bd7 7. Bxf6 gxf6 8.
c4 c5 9. Nc2 Qa5+ 10. Qd2 Qxd2+ 11. Nxd2 Nc6 12. a3 O-O-O 13. b4 a6 14. b5 Nb8
15. a4 a5 16. g4 b6 17. Ke2 Re8 18. h3 Rg8 19. Ne3 Be6 20. h4 Bh6 21. Rg1 Bxe3
22. Kxe3 Nd7 23. f4 Bxg4 24. Be2 f5 25. Bf3 Nf6 26. Rad1 Kc7 27. Bxg4 Nxg4+ 28.
Kf3 Nh2+ 29. Ke3 fxe4 30. Nxe4 Rxg1 31. Rxg1 f5 32. Rg2 Rxe4+ 33. Kf2 Ng4+ 34.
Rxg4 fxg4 35. Kg3 h5 0-1

[Event "X-Chessman"]
[Site "http://www.queenalice.com/game.php?id=320205"]
[Date "2007.12.14"]
[Round "1"]
[White "euanmac"]
[Black "Ayr_United"]
[Result "1-0"]
[WhiteElo "1585"]
[BlackElo "1682"]

1. e4 e5 2. Nf3 d6 3. d4 f6 4. Bc4 Bg4 5. Bxg8 Rxg8 6. h3 Be6 7. d5 Bf7 8. c4
Nd7 9. Nc3 Qe7 10. Nb5 Nc5 11. Qe2 Bg6 12. Nd2 a6 13. Nc3 f5 14. exf5 Bxf5 15.
Nde4 Nxe4 16. Nxe4 O-O-O 17. Bg5 Qd7 18. Bxd8 Qxd8 19. g3 h6 20. g4 Bd7 21. a4
g5 22. Qe3 Bg7 23. Qa7 c6 24. Nxd6+ Kc7 25. c5 Bc8 26. Qb6+ Kd7 27. Qxd8+ Rxd8
28. O-O-O Ke7 29. Nxc8+ Kd7 30. Nb6+ Ke7 31. d6+ Ke6 32. d7 Bf6 33. Rd6+ Kf7 34.
Rhd1 a5 35. Nc4 Kg7 36. Nxa5 Be7 37. Nxb7 Rb8 38. d8=Q Rxb7 39. Qc8 Rb3 40. Rd7
h5 41. Rxe7+ Kg6 42. Qe6# 1-0

[Event "Challenge"]
[Site "http://www.queenalice.com/game.php?id=324592"]
[Date "2007.12.23"]
[Round "-"]
[White "gotinha"]
[Black "euanmac"]
[Result "1-0"]
[WhiteElo "1648"]
[BlackElo "1553"]

1. e4 e5 2. Nf3 d6 3. Bc4 Bg4 4. Nc3 Bxf3 5. Qxf3 Qf6 6. Qxf6 Nxf6 7. Nd5 Nxd5
8. Bxd5 c6 9. Bc4 Nd7 10. d3 h6 11. Be3 b5 12. Bb3 g5 13. d4 a5 14. a4 b4 15.
dxe5 dxe5 16. O-O-O Bc5 17. Rhe1 Bxe3+ 18. Rxe3 Nf6 19. h3 Ke7 20. Red3 Rad8 21.
Rxd8 Rxd8 22. Rxd8 Kxd8 23. Bxf7 Nxe4 24. f3 Ng3 25. Kd2 h5 26. Ke3 Ke7 27. Bc4
h4 28. c3 bxc3 29. bxc3 Kd6 30. Bf7 Kc5 31. Be8 Kd5 32. c4+ 1-0

[Event "Challenge"]
[Site "http://www.queenalice.com/game.php?id=327294"]
[Date "2007.12.28"]
[Round "-"]
[White "euanmac"]
[Black "patoche"]
[Result "0-1"]
[WhiteElo "1599"]
[BlackElo "1694"]

1. e4 Nc6 2. Bb5 d5 3. Bxc6+ bxc6 4. exd5 cxd5 5. d4 c5 6. Nf3 e6 7. c3 Nf6 8.
Bg5 cxd4 9. Qxd4 Be7 10. Bxf6 Bxf6 11. Qd2 Ba6 12. h4 Qb6 13. g3 O-O 14. b3 Rfd8
15. Qe3 d4 16. cxd4 Bxd4 17. Nxd4 Rxd4 18. Nc3 Rad8 19. Rd1 Qb4 20. Rxd4 Rxd4
21. a3 Qd6 22. b4 Rd3 23. Qc1 Qe5+ 24. Ne2 Rc3 25. Kd2 Rxc1 26. Nxc1 Qd5+ 0-1

[Event "Challenge"]
[Site "http://www.queenalice.com/game.php?id=331552"]
[Date "2008.1.6"]
[Round "-"]
[White "fabrice8989"]
[Black "euanmac"]
[Result "1-0"]
[WhiteElo "1835"]
[BlackElo "1607"]

1. d4 d5 2. c4 e6 3. Bf4 Bb4+ 4. Nd2 Bxd2+ 5. Bxd2 dxc4 6. Qa4+ Nc6 7. e3 Qd5 8.
Nf3 b5 9. Qc2 f5 10. Bc3 Nf6 11. Be2 O-O 12. O-O Bd7 13. Rfd1 Qe4 14. Qxe4 Nxe4
15. Ne5 Rfd8 16. Nxc6 Bxc6 17. Ba5 Rac8 18. Rac1 Rd5 19. b3 c3 20. f3 b4 21.
Bxb4 Bb5 22. fxe4 Bxe2 23. exd5 Bxd1 24. Rxd1 c2 25. Rc1 exd5 26. Rxc2 c6 27.
Rc5 Kf7 28. Ra5 Ra8 29. Ra6 Re8 30. Rxa7+ Kf6 31. Kf2 h5 32. h4 g5 33. Be7+ Rxe7
34. hxg5+ Kf7 35. Rxe7+ Kxe7 36. Kf3 Kf7 37. g3 Kg6 38. Kf4 h4 39. gxh4 Kh5 40.
a4 1-0

[Event "Challenge"]
[Site "http://www.queenalice.com/game.php?id=346924"]
[Date "2008.2.1"]
[Round "-"]
[White "amaralch7"]
[Black "euanmac"]
[Result "1-0"]
[WhiteElo "1604"]
[BlackElo "1584"]

1. e4 e5 2. Nf3 d6 3. d4 f6 4. dxe5 fxe5 5. Ng5 Qf6 6. Nc3 h6 7. Nd5 Qd8 8. Qh5+
Kd7 9. Nf7 Nf6 10. Nxf6+ Qxf6 11. Nxh8 1-0